Alle origini di Livorno: L'età etrusca e Romana

Збережено в:
Бібліографічні деталі
Автор: Bruni, Stefano (Автор)
Формат: Книга
Мова:Італійська мова
Опубліковано: Florencia Edizioni Polistampa 2009
Редагування:1a. ed
Предмети:
Теги: Додати тег
Немає тегів, Будьте першим, хто поставить тег для цього запису!

MARC

LEADER 00000cam a2200000 a 4500
001 UCD9405
003 CL-VaPUC
008 170616e20090200it |||||||||||||||||ita|d
020 |a 9788859605546 
082 0 4 |a 930.1  |b BRU  |2 21 
100 0 |a Bruni, Stefano  |e author  |9 593108 
245 1 0 |a Alle origini di Livorno: L'età etrusca e Romana 
250 |a 1a. ed 
300 |a 303 p 
942 |c BK 
945 |d 20170616 21:05:00  |a arojas 
260 |a Florencia  |b Edizioni Polistampa  |c 2009 
650 0 |a Arqueología   |9 265619 
650 7 |a EXCAVACIONES ARQUEOLOGICAS  |2 CL-VaPUC  |9 310948 
650 0 |a Antigüedades  |9 266390 
650 7 |a EXHIBICIONES  |2 CL-VaPUC  |9 553649 
583 |a last modification  |c 20170616 21:05:00  |k Rodrigo Vera 
999 |c 368608  |d 368606 
952 |0 0  |1 0  |3 erb  |4 0  |6 930_100000000000000_BRU_2009  |7 0  |8 A  |9 483971  |a FDOLAF  |b FDOLAF  |e Laffi, Umberto, 1939-  |i 5396786  |o 930.1 BRU 2009  |p 5396786  |r 2024-01-30  |w 2019-11-24  |y BK  |z Catalogado en:20170616  |k LAF